Các công trình cung cấp nước sạch cho thị trấn và cộng đồng dân cư nhỏ
Sách hướng dẫn, phổ biến những kinh nghiệm khai thác, giải quyết nguồn nước sạch sinh hoạt cho các cộng đồng dân cư nhỏ ở thị trấn, nông thôn và các vùng sâu, vùng xa.
Shranjeno v:
| Glavni avtor: | |
|---|---|
| Format: | Knjiga |
| Jezik: | Undetermined |
| Izdano: |
Hà Nội
Xây Dựng
2000
|
| Teme: | |
| Oznake: |
Označite
Brez oznak, prvi označite!
|
| Thư viện lưu trữ: | Trung tâm Học liệu Trường Đại học Cần Thơ |
|---|
| LEADER | 00992nam a2200229Ia 4500 | ||
|---|---|---|---|
| 001 | CTU_40505 | ||
| 008 | 210402s9999 xx 000 0 und d | ||
| 020 | |c 30000 | ||
| 082 | |a 628.114 | ||
| 082 | |b Th305 | ||
| 100 | |a Nguyễn, Duy Thiện | ||
| 245 | 0 | |a Các công trình cung cấp nước sạch cho thị trấn và cộng đồng dân cư nhỏ | |
| 245 | 0 | |c Nguyễn Duy Thiện | |
| 260 | |a Hà Nội | ||
| 260 | |b Xây Dựng | ||
| 260 | |c 2000 | ||
| 520 | |a Sách hướng dẫn, phổ biến những kinh nghiệm khai thác, giải quyết nguồn nước sạch sinh hoạt cho các cộng đồng dân cư nhỏ ở thị trấn, nông thôn và các vùng sâu, vùng xa. | ||
| 526 | |a Cấp thoát nước | ||
| 526 | |b MT628 | ||
| 650 | |a Hydraulic engineering,Water distribution,Water supply engineering | ||
| 904 | |i Mai Loan | ||
| 980 | |a Trung tâm Học liệu Trường Đại học Cần Thơ | ||